000
00335 a2200109 4500
001
ART_11027
005
20260410161849.0
008
260409a
245
1
0
_a
Tarifas para el servicio residencial de agua potable
100
1
_a
Trapé, Alejandro
773
0
_t
Económica
_g
- Año XXXVIII, Nº 1/2 (ene. 1992)
_w
REV7541
999
_c
24870
_d
24870